000
00331 a2200121 4500
001
ART_6181
005
20260410161825.0
008
260409a
245
1
0
_a
La falacia clásica clásica
100
1
_a
Samuelson, Paul A.
700
1
_a
Rayó, Antonio R.
773
0
_t
FACES
_g
- Año 1, Nº 1 (jun 1995)
_w
REV5046
999
_c
22714
_d
22714